| 000 | 00902cam a2200301 a 4500 | ||
|---|---|---|---|
| 001 | 12343572 | ||
| 003 | OSt | ||
| 005 | 20230602100329.0 | ||
| 008 | 010111s2000 ke 000 0 eng | ||
| 010 | _a 00378974 | ||
| 020 | _a9966917160 | ||
| 035 | _a(DLC) 00378974 | ||
| 040 |
_aDLC _cDLC _dDLC |
||
| 042 | _alcode | ||
| 043 | _af-ke--- | ||
| 082 | 0 | 0 |
_a320.011 _2MUR |
| 100 | 1 | _aMurungi, Kiraitu. | |
| 245 | 1 | 0 |
_aIn the mud of politics / _cKiraitu Murungi. |
| 260 |
_aNairobi, Kenya : _bAcacia Stantex Publishers, _c2000. |
||
| 300 |
_axvii, 208 p. ; _c21 cm. |
||
| 440 | 0 |
_aAcacia biographies ; _v1 |
|
| 650 | 0 |
_aDemocratization _zKenya. |
|
| 651 | 0 |
_aKenya _xPolitics and government _y1978- |
|
| 651 | 0 |
_aKenya _xColonial influence. |
|
| 906 |
_a7 _bcbc _corigode _d2 _encip _f20 _gy-gencatlg |
||
| 942 |
_2ddc _cBK |
||
| 999 |
_c45 _d45 |
||